[Event "Mazowiec-chT 1415"]
[Site "Warsaw"]
[Date "2015.02.08"]
[Round "3.13"]
[White "Koziol, Pawel"]
[Black "Mietek, Lukasz"]
[Result "1/2-1/2"]
[WhiteElo "1894"]
[BlackElo "1935"]
[PlyCount "78"]
[EventDate "2015.01.11"]
[EventType "team-tourn"]
[EventRounds "7"]
[EventCountry "POL"]
[SourceTitle "EXT 2019"]
[Source "ChessBase"]
[SourceDate "2018.10.10"]
[SourceVersion "1"]
[SourceVersionDate "2018.10.10"]
[SourceQuality "1"]

1. Nf3 d5 2. g3 c5 3. Bg2 Nc6 4. 0-0 e5 5. d3 Nf6 6. Nbd2 Be7 7. e4 d4 8. Nc4 Qc7 9. a4 0-0 10. Nh4 Re8 11. f4 Nd7 12. Nf5 Bf8 13. g4 g6 14. Nh4 Qd8 15. Nf3 f6 16. g5 Nb6 17. Nxb6 axb6 18. gxf6 Qxf6 19. fxe5 Qg7 20. Bf4 Bg4 21. c3 Ra6 22. Qc2 Bxf3 23. Rxf3 Nxe5 24. Rh3 Qd7 25. c4 Bg7 26. b3 Rf8 27. Rf1 Raa8 28. Rg3 Rae8 29. Qe2 Qe7 30. Bg5 Bf6 31. h4 Bxg5 32. hxg5 Rxf1+ 33. Bxf1 Rf8 34. Bh3 Qf7 35. Kg2 Kg7 36. Qe1 Qe7 37. Qd2 Qf7 38. Qe1 Qe7 39. Qd2 Qf7 1/2-1/2

[Event "Mazowiec-chT op"]
[Site "Poland"]
[Date "2014.10.26"]
[Round "4.16"]
[White "Mietek, Lukasz"]
[Black "Moscicka, Pola"]
[Result "1/2-1/2"]
[WhiteElo "1935"]
[BlackElo "1640"]
[PlyCount "86"]
[EventDate "2014.10.05"]
[EventType "team-tourn"]
[EventRounds "10"]
[EventCountry "POL"]
[SourceTitle "EXT 2019"]
[Source "ChessBase"]
[SourceDate "2018.10.10"]
[SourceVersion "1"]
[SourceVersionDate "2018.10.10"]
[SourceQuality "1"]

1. d4 Nf6 2. Nf3 e6 3. c4 d5 4. cxd5 exd5 5. Nc3 Nc6 6. Bg5 Be7 7. e3 Bf5 8. Bb5 0-0 9. 0-0 Bg4 10. Rc1 Nb8 11. a3 c6 12. Be2 Nbd7 13. b4 a6 14. Qb3 Ne4 15. Bxe7 Qxe7 16. Rc2 Nb6 17. a4 Bxf3 18. Bxf3 f5 19. b5 axb5 20. axb5 Ra3 21. Qb2 Nc4 22. Qc1 Ncd2 23. Rxd2 Rxc3 24. Rc2 Rxc2 25. Qxc2 cxb5 26. Bxe4 fxe4 27. Qb3 Qd7 28. Rb1 Ra8 29. h3 Ra5 30. Rc1 b6 31. Kf1 Ra4 32. Ke2 Rc4 33. Ra1 Qc6 34. Kd2 b4 35. Ra2 Qb5 36. Rc2 Rxc2+ 37. Qxc2 Qc4 38. Qa4 Qc3+ 39. Kd1 Qd3+ 40. Ke1 Qc3+ 41. Kd1 Qd3+ 42. Ke1 Qc3+ 43. Kd1 Qd3+ 1/2-1/2

[Event "Mazowiec-chT op"]
[Site "Poland"]
[Date "2014.10.05"]
[Round "1.6"]
[White "Kania, Wlodzimierz"]
[Black "Mietek, Lukasz"]
[Result "1/2-1/2"]
[WhiteElo "1833"]
[BlackElo "1935"]
[PlyCount "141"]
[EventDate "2014.10.05"]
[EventType "team-tourn"]
[EventRounds "10"]
[EventCountry "POL"]
[SourceTitle "EXT 2019"]
[Source "ChessBase"]
[SourceDate "2018.10.10"]
[SourceVersion "1"]
[SourceVersionDate "2018.10.10"]
[SourceQuality "1"]

1. e4 c6 2. d4 d5 3. exd5 cxd5 4. Nf3 Nc6 5. c4 Nf6 6. Nc3 e6 7. cxd5 Nxd5 8. Bb5 Be7 9. 0-0 0-0 10. Qa4 Nb6 11. Qd1 Bf6 12. Be3 a6 13. Bd3 Nb4 14. Be4 N6d5 15. Qb1 g6 16. Bh6 Re8 17. a3 Nc6 18. Qd1 b5 19. Re1 Nce7 20. Ne5 Bb7 21. Qf3 Nf5 22. Nxd5 Bxd5 23. Bxd5 Qxd5 24. Be3 Bxe5 25. dxe5 Qxf3 26. gxf3 Nh4 27. Rec1 Nxf3+ 28. Kg2 Nxe5 29. Bd4 Nc4 30. Bf6 e5 31. b3 Nd2 32. Rc7 Re6 33. Rd1 Nxb3 34. Bg5 Nd4 35. f4 f6 36. fxe5 fxe5 37. h4 Rae8 38. Rf1 Nf5 39. h5 e4 40. hxg6 hxg6 41. Rh1 e3 42. Rch7 e2 43. Rh8+ Kf7 44. R8h7+ Ng7 45. Bh6 Rg8 46. Bd2 Rd6 47. Bc3 Rd3 48. Bb4 a5 49. Be1 Rxa3 50. R1h4 Kf6 51. Re4 Ra2 52. Kf3 b4 53. Kg4 Nf5 54. Bh4+ Nxh4 55. Rhe7 e1Q 56. Rxe1 Rg2+ 57. Kh3 Nf5 58. R7e6+ Kg5 59. Kxg2 Ra8 60. Rb6 Rc8 61. Ree6 Rc2+ 62. Kf1 Nh4 63. Re5+ Kf4 64. Rxa5 Rb2 65. Rab5 Ke3 66. Rxb4 Rf2+ 67. Ke1 Nf3+ 68. Kd1 Nd4 69. Rxd4 Rf1+ 70. Kc2 Kxd4 71. Rxg6 1/2-1/2

[Event "Mazowiec-chT 1314"]
[Site "Poland"]
[Date "2014.02.09"]
[Round "7.8"]
[White "Maj, Pawel1"]
[Black "Mietek, Lukasz"]
[Result "1-0"]
[WhiteElo "1918"]
[BlackElo "1917"]
[PlyCount "97"]
[EventDate "2014.01.12"]
[EventType "team-tourn"]
[EventRounds "10"]
[EventCountry "POL"]
[SourceTitle "EXT 2019"]
[Source "ChessBase"]
[SourceDate "2018.10.10"]
[SourceVersion "1"]
[SourceVersionDate "2018.10.10"]
[SourceQuality "1"]

1. c4 Nf6 2. Nc3 c6 3. d4 d5 4. cxd5 cxd5 5. Nf3 Nc6 6. Bf4 e6 7. e3 Bd6 8. Bg3 Bxg3 9. hxg3 Bd7 10. a3 Rc8 11. Bd3 Qc7 12. Ng5 g6 13. f4 a6 14. Rc1 Qd6 15. Na4 Ne7 16. Rxc8+ Bxc8 17. Nc5 Nf5 18. Kf2 Qc6 19. g4 Nd6 20. a4 Kf8 21. Rh4 Kg7 22. Nf3 Nde4+ 23. Bxe4 Nxe4+ 24. Nxe4 dxe4 25. Ne5 Qc7 26. g5 Bd7 27. d5 Qd6 28. Qd4 Qxd5 29. Nxd7+ Qxd4 30. exd4 Rd8 31. Nf6 h5 32. Ke3 Rc8 33. g4 Rc2 34. gxh5 gxh5 35. Rxh5 Rxb2 36. Rh7+ Kf8 37. Rh8+ Ke7 38. Re8+ Kd6 39. Nxe4+ Kd7 40. Nf6+ Kd6 41. Rd8+ Ke7 42. Rd7+ Kf8 43. a5 Rb5 44. d5 Rxa5 45. dxe6 fxe6 46. g6 Ra3+ 47. Kf2 Ra2+ 48. Kg3 Ra1 49. g7# 1-0

[Event "Mazowiec-chT 1314"]
[Site "Poland"]
[Date "2014.02.09"]
[Round "8.8"]
[White "Mietek, Lukasz"]
[Black "Harazinska, Magdalena"]
[Result "1-0"]
[WhiteElo "1917"]
[BlackElo "1621"]
[PlyCount "131"]
[EventDate "2014.01.12"]
[EventType "team-tourn"]
[EventRounds "10"]
[EventCountry "POL"]
[SourceTitle "EXT 2019"]
[Source "ChessBase"]
[SourceDate "2018.10.10"]
[SourceVersion "1"]
[SourceVersionDate "2018.10.10"]
[SourceQuality "1"]

1. d4 Nf6 2. Nf3 c5 3. d5 d6 4. c4 b5 5. cxb5 a6 6. bxa6 Bxa6 7. Nc3 g6 8. e4 Bxf1 9. Kxf1 Nbd7 10. g3 Bg7 11. Kg2 0-0 12. Bg5 h6 13. Bf4 Nh5 14. Be3 Qc7 15. Qe2 Rfb8 16. Nb5 Qb7 17. a4 Ra5 18. Bd2 Raa8 19. Bc3 Nb6 20. Bxg7 Nxg7 21. b3 Ne8 22. Qe3 Kh7 23. Qf4 Kg7 24. h4 Nc7 25. Na3 Rh8 26. Nd2 f6 27. h5 g5 28. Qf5 Qc8 29. Qg6+ Kf8 30. Nac4 Nxc4 31. Nxc4 Qe8 32. Qf5 Ra6 33. g4 Kg7 34. Qf3 e6 35. Rad1 e5 36. Qf5 Rf8 37. Rhe1 Kh8 38. Ra1 Qc8 39. Qf3 Qd7 40. Kg3 Kg7 41. Qd3 Rb8 42. Rab1 Rb4 43. Re3 Kf7 44. Rf3 Ne8 45. Nxe5+ dxe5 46. Qxa6 Rxe4 47. Qe6+ Qxe6 48. dxe6+ Kxe6 49. Rc1 Kd5 50. Rfc3 c4 51. Rxc4 Re2 52. Rd1+ Ke6 53. Rc8 Ng7 54. Rh8 Rb2 55. Rd3 e4 56. Rc3 Kd5 57. Rxh6 Kd4 58. Re3 f5 59. Re1 f4+ 60. Kh3 Rxb3+ 61. Kg2 e3 62. Rd6+ Ke5 63. Rg6 Ne6 64. h6 f3+ 65. Kxf3 e2+ 66. Kxe2 1-0

[Event "Mazowiec-chT 1314"]
[Site "Poland"]
[Date "2014.02.02"]
[Round "6.13"]
[White "Parol, Pola"]
[Black "Mietek, Lukasz"]
[Result "1/2-1/2"]
[WhiteElo "1696"]
[BlackElo "1917"]
[PlyCount "71"]
[EventDate "2014.01.12"]
[EventType "team-tourn"]
[EventRounds "10"]
[EventCountry "POL"]
[SourceTitle "EXT 2019"]
[Source "ChessBase"]
[SourceDate "2018.10.10"]
[SourceVersion "1"]
[SourceVersionDate "2018.10.10"]
[SourceQuality "1"]

1. e4 c6 2. d4 d5 3. Nc3 dxe4 4. Nxe4 Bf5 5. Ng3 Bg6 6. Nf3 Nd7 7. h4 h6 8. h5 Bh7 9. Bd3 Bxd3 10. Qxd3 Qc7 11. Bd2 Ngf6 12. 0-0-0 e6 13. c4 0-0-0 14. Bc3 Bd6 15. Ne4 Nxe4 16. Qxe4 Nf6 17. Qe2 c5 18. Kb1 Kb8 19. Ne5 Bxe5 20. dxe5 Rxd1+ 21. Rxd1 Nd7 22. f4 Kc8 23. g4 Rd8 24. b3 Nb8 25. Kc2 Nc6 26. Rxd8+ Qxd8 27. Qe3 b6 28. Qe4 Kc7 29. Qd3 Nb4+ 30. Bxb4 Qxd3+ 31. Kxd3 cxb4 32. f5 Kd7 33. Kd4 f6 34. Ke4 Ke7 35. Kf4 Kf7 36. Ke4 1/2-1/2

[Event "Mazowiec-chT op 2013"]
[Site "Poland"]
[Date "2013.12.08"]
[Round "9.11"]
[White "Moscicka, Pola"]
[Black "Mietek, Lukasz"]
[Result "1-0"]
[WhiteElo "1533"]
[BlackElo "1930"]
[PlyCount "53"]
[EventDate "2013.09.29"]
[EventType "team-swiss"]
[EventRounds "10"]
[EventCountry "POL"]
[SourceTitle "EXT 2019"]
[Source "ChessBase"]
[SourceDate "2018.10.10"]
[SourceVersion "1"]
[SourceVersionDate "2018.10.10"]
[SourceQuality "1"]

1. e4 c6 2. d4 d5 3. Nc3 b5 4. a3 a6 5. Nge2 Bg4 6. f3 Bh5 7. Nf4 Bg6 8. exd5 Nf6 9. dxc6 Nxc6 10. d5 Ne5 11. Be3 Bf5 12. Bd4 Nc4 13. Bxc4 bxc4 14. 0-0 Qd6 15. Qd2 g6 16. Bxf6 Qxf6 17. Rfe1 Bh6 18. d6 0-0 19. dxe7 Rfe8 20. Nfd5 Qg7 21. Qf2 Rac8 22. Qh4 g5 23. Qg3 Qd4+ 24. Kh1 Bxc2 25. Nc7 Rxc7 26. Qxc7 Bg7 27. Qc6 1-0

[Event "Mazowiec-chT op 2013"]
[Site "Poland"]
[Date "2013.12.01"]
[Round "8.22"]
[White "Mietek, Lukasz"]
[Black "Runowiecki, Tadeusz"]
[Result "0-1"]
[WhiteElo "1930"]
[BlackElo "1957"]
[PlyCount "98"]
[EventDate "2013.09.29"]
[EventType "team-swiss"]
[EventRounds "10"]
[EventCountry "POL"]
[SourceTitle "EXT 2019"]
[Source "ChessBase"]
[SourceDate "2018.10.10"]
[SourceVersion "1"]
[SourceVersionDate "2018.10.10"]
[SourceQuality "1"]

1. d4 Nf6 2. Nf3 g6 3. c4 Bg7 4. Nc3 0-0 5. e4 d6 6. Be2 Nbd7 7. 0-0 c6 8. Bg5 Qc7 9. Qd2 e5 10. Rad1 a6 11. a4 Re8 12. dxe5 dxe5 13. b4 Nf8 14. Qd6 Qxd6 15. Rxd6 N6d7 16. Rfd1 h6 17. Be3 Re6 18. a5 Kh7 19. c5 Bf6 20. R6d2 Re7 21. h4 Ne6 22. g3 Ndf8 23. Ne1 Rd7 24. Nc2 Rxd2 25. Rxd2 Bd7 26. Na4 Bd8 27. Nb2 Bc7 28. Nc4 f5 29. exf5 gxf5 30. Nb6 Rd8 31. Bd3 Ng7 32. Na3 Be6 33. Nac4 Bd5 34. Nxd5 cxd5 35. Nd6 Bxd6 36. cxd6 d4 37. g4 dxe3 38. fxe3 Rxd6 39. Rd1 e4 40. Bc2 Rxd1+ 41. Bxd1 Kg6 42. Bb3 Nfe6 43. Bd5 Nd8 44. b5 Nge6 45. gxf5+ Kxf5 46. Bxb7 Nxb7 47. bxa6 Nxa5 48. a7 Nc7 49. Kf2 Nc6 0-1

[Event "Mazowiec-chT op Autumn"]
[Site "Poland"]
[Date "2012.10.21"]
[Round "3.20"]
[White "Mietek, Lukasz"]
[Black "Kania, Wlodzimierz"]
[Result "1-0"]
[WhiteElo "1933"]
[BlackElo "1852"]
[PlyCount "113"]
[EventDate "2012.10.14"]
[EventType "team-swiss"]
[EventRounds "8"]
[EventCountry "POL"]
[SourceTitle "EXT 2019"]
[Source "ChessBase"]
[SourceDate "2018.10.10"]
[SourceVersion "1"]
[SourceVersionDate "2018.10.10"]
[SourceQuality "1"]

1. d4 Nf6 2. Nf3 g6 3. c4 Bg7 4. Nc3 0-0 5. e4 d6 6. Be2 Nbd7 7. 0-0 e5 8. d5 Nc5 9. Qc2 Bg4 10. b4 Ncd7 11. Be3 a5 12. a3 b6 13. c5 axb4 14. axb4 bxc5 15. bxc5 dxc5 16. Rxa8 Qxa8 17. Na4 Rb8 18. Nxc5 Nxc5 19. Bxc5 Nd7 20. Be3 Qb7 21. h3 Bxf3 22. Bxf3 Bf8 23. Rc1 Bd6 24. Be2 Qb2 25. Bd3 Qxc2 26. Rxc2 Rb1+ 27. Kh2 f5 28. Rxc7 Bxc7 29. Bxb1 fxe4 30. Bxe4 Nf6 31. f3 Bd6 32. Kg1 Kf7 33. g4 Ke8 34. Kf2 Kd7 35. Ke2 Ba3 36. Kd3 Kd6 37. Kc4 Nd7 38. h4 Bc5 39. Bh6 Bf2 40. h5 gxh5 41. gxh5 Nb6+ 42. Kb5 Nxd5 43. Bxh7 Ke7 44. Kc6 Be3 45. Bg7 Nf6 46. Bg6 e4 47. fxe4 Ng4 48. Kd5 Bf4 49. Kd4 Ke6 50. Kc5 Be3+ 51. Kb4 Bf4 52. Kb3 Be3 53. Kc2 Bf4 54. Kd1 Ne5 55. Be8 Nf7 56. Ke2 Ne5 57. h6 1-0

[Event "Mazowiec-chT 0910"]
[Site "Mazowsze"]
[Date "2009.12.13"]
[Round "2.3"]
[White "Kania, Wlodzimierz"]
[Black "Mietek, Lukasz"]
[Result "0-1"]
[WhiteElo "1875"]
[BlackElo "1959"]
[PlyCount "126"]
[EventDate "2009.11.29"]
[EventType "team-tourn"]
[EventRounds "11"]
[EventCountry "POL"]
[SourceTitle "EXT 2011"]
[Source "ChessBase"]
[SourceDate "2010.11.26"]
[SourceVersion "1"]
[SourceVersionDate "2010.11.26"]
[SourceQuality "1"]

1. e4 c6 2. d4 d5 3. exd5 cxd5 4. Nf3 Nf6 5. Bd3 Bg4 6. 0-0 Nc6 7. c3 e6 8. Bg5 Be7 9. Nbd2 Rc8 10. h3 Bh5 11. Qb3 Qc7 12. Rfe1 0-0 13. Ne5 a6 14. Ndf3 b5 15. Nxc6 Qxc6 16. Ne5 Qb7 17. a3 Bg6 18. Nxg6 hxg6 19. a4 Nh5 20. Bxe7 Qxe7 21. axb5 Nf4 22. Bf1 axb5 23. g3 Qg5 24. Re5 f5 25. Kh2 Nh5 26. Qxb5 Nf6 27. Rxe6 f4 28. Re5 Qh6 29. Kg1 fxg3 30. fxg3 Rb8 31. Qe2 Ne4 32. Rxe4 dxe4 33. Re1 Qg5 34. g4 Rbe8 35. Qe3 Qh4 36. Bg2 Re7 37. b3 Ref7 38. Rf1 Rxf1+ 39. Bxf1 Rf3 40. Qxe4 Qg3+ 41. Bg2 Re3 42. Qd5+ Kh7 43. Qe5 Re1+ 44. Qxe1 Qxe1+ 45. Kh2 Qxc3 46. d5 Qd3 47. Kg1 Qe3+ 48. Kh2 Qf4+ 49. Kg1 Qd4+ 50. Kh2 Kh6 51. Kg3 Qe3+ 52. Kh2 Kg5 53. Bh1 Kf4 54. Bg2 Qd2 55. g5 Kxg5 56. Kg1 Kf4 57. Kh2 g5 58. d6 Qxd6 59. h4 gxh4 60. Kh3 g5 61. Bf1 g4+ 62. Kh2 Qd2+ 63. Kh1 Kg3 0-1

[Event "Mazowiec-chT op"]
[Site "Mazowsze"]
[Date "2009.02.15"]
[Round "3"]
[White "Mietek, Lukasz"]
[Black "Suliborski, Jakub"]
[Result "1-0"]
[WhiteElo "1959"]
[BlackElo "1795"]
[PlyCount "67"]
[EventDate "2009.01.11"]
[EventType "team-tourn"]
[EventRounds "10"]
[EventCountry "POL"]
[SourceTitle "EXT 2013"]
[Source "ChessBase"]
[SourceDate "2012.11.22"]
[SourceVersion "1"]
[SourceVersionDate "2012.11.22"]
[SourceQuality "1"]

1. e4 c5 2. Nf3 e6 3. d4 cxd4 4. Nxd4 a6 5. Be2 Qc7 6. 0-0 Nf6 7. Bf3 Nc6 8. Nc3 Bd6 9. g3 Nxd4 10. Qxd4 b5 11. a3 Bb7 12. Bd2 h5 13. Bg5 Be5 14. Qd3 Rc8 15. Bd2 h4 16. Bg2 hxg3 17. hxg3 Ng4 18. Rfe1 Qc5 19. Be3 Nxe3 20. Rxe3 Bd4 21. Rf3 Bxc3 22. bxc3 d5 23. Rd1 Qc4 24. Qd2 Qc7 25. Rd3 dxe4 26. Rd7 Qb6 27. Qg5 0-0 28. R1d6 Rc6 29. Rxb7 Qxb7 30. Bxe4 Rc5 31. Qh4 Rh5 32. Bxb7 Rxh4 33. gxh4 a5 34. Rb6 1-0

[Event "Mazowiec-chT 0708"]
[Site "Poland"]
[Date "2008.01.20"]
[Round "7"]
[White "Mietek, Lukasz"]
[Black "Kosny, Marek"]
[Result "0-1"]
[WhiteElo "1981"]
[BlackElo "1987"]
[PlyCount "98"]
[EventDate "2007.10.14"]
[EventType "tourn"]
[EventRounds "10"]
[EventCountry "POL"]
[SourceTitle "EXT 2010"]
[Source "ChessBase"]
[SourceDate "2010.11.25"]
[SourceVersion "1"]
[SourceVersionDate "2010.11.25"]
[SourceQuality "1"]

1. e4 Nf6 2. e5 Nd5 3. d4 d6 4. Nf3 Bg4 5. Be2 Nc6 6. 0-0 e6 7. Re1 Be7 8. c4 Nb6 9. exd6 cxd6 10. d5 exd5 11. cxd5 Bxf3 12. Bxf3 Ne5 13. Nc3 0-0 14. Bf4 Bf6 15. Rc1 Rc8 16. Be4 Qd7 17. Qc2 g6 18. b3 Qg4 19. Bg3 Qh5 20. Qe2 Qh6 21. f4 Ned7 22. Nb5 Rxc1 23. Rxc1 Nc8 24. Rc7 Nc5 25. b4 Nxe4 26. Qxe4 Qh5 27. h3 a6 28. Nc3 Ne7 29. Rxe7 Bxc3 30. Rxb7 Qd1+ 31. Kh2 Bd4 32. Be1 Bf6 33. Rc7 Qa4 34. Qc4 Qd1 35. Bf2 Qd2 36. Bg1 Kg7 37. Rc8 Rxc8 38. Qxc8 Qxf4+ 39. Kh1 Be5 40. Qxa6 Qxb4 41. a4 Qe1 42. Qc4 Qa1 43. Qe4 h5 44. h4 Qa3 45. Bd4 Qc1+ 46. Bg1 Qa1 47. Qc4 Qe1 48. a5 Qxa5 49. Qe4 Qa1 0-1